The Polaris protocol #5 : a Pike Logan thriller / ... Read More
Available copies
- 3 of 3 copies available at LARL/NWRL Consortium. (Show)
- 2 of 2 copies available at Northwest Regional Library.
Current holds
0 current holds with 3 total copies.
Show Only Available Copies
| Location | Call Number / Copy Notes | Barcode | Shelving Location | Status | Due Date |
|---|---|---|---|---|---|
| Hallock Public Library | TAY (Text) | 35500005267453 | Main | Available | - |
| Roseau Public Library | TAY (Text) | 35500005267461 | Main | Available | - |
Record details
- ISBN: 9780525953975 (hc.)
- ISBN: 0525953973 (hc.)
- Physical Description: 390 pages ; 24 cm.
- Publisher: New York : Dutton, 2014
Content descriptions
| Summary, etc.: | Pike and Jennifer are in Turkmenistan with the ... Read More |
Search for related items by subject
| Genre: | Suspense fiction. Adventure fiction. Fiction. |
Search for related items by series
| LDR | 02715cam a22005298i 4500 | ||
|---|---|---|---|
| 001 | 161265 | ||
| 003 | LARL_NWRL_CONSORTIUM | ||
| 005 | 20140206100823.0 | ||
| 008 | 130809s2014 nyu 000 1 eng | ||
| 019 | . | ‡a867034838 | |
| 020 | . | ‡a9780525953975 (hc.) | |
| 020 | . | ‡a0525953973 (hc.) | |
| 035 | . | ‡a(OCoLC)849719146 ‡z(OCoLC)867034838 | |
| 042 | . | ‡apcc | |
| 082 | 0 | 0. | ‡a813/.6 ‡223 |
| 084 | . | ‡aFIC031000 ‡aFIC002000 ‡2bisacsh | |
| 100 | 1 | . | ‡aTaylor, Brad, ‡d1965- ‡0(LARL_NWRL_CONSORTIUM)220781 |
| 245 | 1 | 4. | ‡aThe Polaris protocol ‡n#5 : ‡ba Pike Logan thriller / ‡cBrad Taylor. |
| 260 | . | ‡aNew York : ‡bDutton, ‡c2014 | |
| 300 | . | ‡a390 pages ; ‡c24 cm. | |
| 336 | . | ‡atext ‡2rdacontent | |
| 337 | . | ‡aunmediated ‡2rdamedia | |
| 338 | . | ‡avolume ‡2rdacarrier | |
| 490 | 0 | . | ‡aPike Logan; ‡v5 |
| 520 | . | ‡aPike and Jennifer are in Turkmenistan with the Taskforce when Jennifer gets a call from her brother, Jack. Working on an investigative report into the Mexican drug cartels, Jack Cahill has unknowingly gotten caught between two rival groups. His desperate call to his sister is his last before he's kidnapped. In their efforts to rescue Jack, Pike and Jennifer uncover a plot much more insidious than illegal drug trafficking --the cartel that put a target on Jack's back has discovered a GPS hack with the power to effectively debilitate the United States. | |
| 650 | 0. | ‡aPike Logan (Fictitious character) ‡vFiction. | |
| 650 | 0. | ‡aSpecial forces (Military science) ‡zUnited States ‡vFiction. ‡0(LARL_NWRL_CONSORTIUM)175224 | |
| 650 | 0. | ‡aSpecial operations (Military science) ‡vFiction. ‡0(LARL_NWRL_CONSORTIUM)175227 | |
| 650 | 7. | ‡aFICTION / Thrillers. ‡2bisacsh | |
| 650 | 7. | ‡aFICTION / Action & Adventure. ‡2bisacsh | |
| 650 | 7. | ‡2fast ‡aSpecial forces (Military science) ‡0(LARL_NWRL_CONSORTIUM)31674 | |
| 650 | 7. | ‡2fast ‡aSpecial operations (Military science) ‡0(LARL_NWRL_CONSORTIUM)31676 | |
| 651 | 7. | ‡aUnited States. ‡2fast ‡0(LARL_NWRL_CONSORTIUM)54625 | |
| 655 | 7. | ‡aSuspense fiction. ‡2gsafd | |
| 655 | 7. | ‡aAdventure fiction. ‡2gsafd | |
| 655 | 7. | ‡aFiction. ‡2fast | |
| 901 | . | ‡a161265 ‡bOCLC ‡c161265 ‡tbiblio | |

Add to basket
Permalink
Enable Highlighting